000 00924nam a2200277Ia 4500
999 _c54244
_d54244
001 21300
003 GE_BSU
005 20211021152034.0
008 181216s ||||enk|||||||||||||| ||eng||
020 _a9780781743167
040 _cGE_BSU
041 _aeng
080 _a611.84 S-69
100 _aSnell, Richard S.
_910310
245 _aClinical Anatomy : An Illustrated review with Questions and Explanations /
_cRichard S. Snell ; Editor Belly Sun.
250 _aFourth edition
264 _aPhiladelfia :
_bLippincott Williams & Wilkins,
_c2004.
300 _a305 p. ;
_c25 cm.
541 _h264 Gel.
653 _aClinical Anatomy : An Illustrated review with Questions and Explanations
653 _aКлиническая анатомия
653 _aკლინიკური ანატომია
653 _aმედიცინა
700 _aSun, Belly
_dEditor
_912704
942 _cBK
_2udc